Sports Quiz

Random Sports or NBA Quiz

NBA 1500+ Point Seasons (2000s) Quiz Stats

Quiz Updated Jun 6, 2018

Challenge
Share
Tweet
Embed
Score 0/82 Timer 12:00
1 Play Today
# Seasons Player % Correct
9Kobe Bryant
99.6%
6LeBron James
98.2%
1Mike James
96.5%
8Paul Pierce
96.2%
8Kevin Garnett
96.1%
6Carmelo Anthony
95.2%
8Allen Iverson
94.9%
9Dirk Nowitzki
94.4%
7Tim Duncan
93.3%
8Vince Carter
91.5%
6Ray Allen
91.1%
5Shaquille O'Neal
88.8%
2Jermaine O'Neal
88%
6Tracy McGrady
84.8%
3Dwyane Wade
84.4%
2Dwight Howard
82.3%
1Josh Howard
81.6%
3Chris Bosh
81.2%
3Joe Johnson
81.2%
3Gilbert Arenas
80.6%
3Amar'e Stoudemire
79.1%
3Pau Gasol
79%
2Kevin Durant
78.6%
2Chris Paul
78.6%
1Deron Williams
74.9%
2Jalen Rose
69.5%
2Tony Parker
69%
1Yao Ming
68%
# Seasons Player % Correct
4Karl Malone
67.9%
4Michael Redd
66.2%
2Baron Davis
66.2%
2Ricky Davis
65.8%
1Rasheed Wallace
65.1%
2Richard Hamilton
64.9%
1Reggie Miller
64.7%
2Carlos Boozer
63.3%
2David West
63.1%
4Chris Webber
62.8%
6Antawn Jamison
61.8%
3Mike Bibby
60.1%
4Shawn Marion
59.9%
6Stephon Marbury
59.5%
4Richard Jefferson
59.4%
1Al Jefferson
59.4%
4Elton Brand
58.8%
4Gary Payton
56.2%
1Brandon Roy
52.1%
2Danny Granger
51.4%
1Michael Jordan
51.3%
2Zach Randolph
50.4%
1Rashard Lewis
49.6%
3Steve Francis
48.1%
1Monta Ellis
48.1%
1Rudy Gay
47.5%
4Antoine Walker
46.9%
3Peja Stojakovic
46.7%
# Seasons Player % Correct
2Ben Gordon
46.7%
2Glenn Robinson
46.4%
1Kevin Martin
45.8%
1Eddy Curry
45.5%
3Jason Richardson
44.2%
2Jason Terry
42.6%
2Andre Iguodala
41%
3Allan Houston
39.9%
1Grant Hill
39.6%
1Luol Deng
37.8%
2Latrell Sprewell
37.4%
4Jerry Stackhouse
36.5%
1Jamal Crawford
34.7%
4Shareef Abdur-Rahim
34.4%
1Alonzo Mourning
33.1%
3Sam Cassell
32.8%
2Michael Finley
29.7%
1O.J. Mayo
29.5%
2Corey Maggette
28.4%
1Hedo Turkoglu
27.9%
2Cuttino Mobley
23.5%
2Jamal Mashburn
23%
1Wally Szczerbiak
16.8%
1Mike Dunleavy
16.5%
1Keith Van Horn
14.5%
1Antonio McDyess
13.8%

You're not logged in!

Compare scores with friends on all Sporcle quizzes.
Join for Free
OR
Log In

You Might Also Like...

Show Comments

Extras

Top Quizzes Today


Score Distribution

Your Account Isn't Verified!

In order to create a playlist on Sporcle, you need to verify the email address you used during registration. Go to your Sporcle Settings to finish the process.

Report this User

Report this user for behavior that violates our Community Guidelines.

Details: